Loading...
| History - Other | 1 | 3 | 0 | 0 | 45 | 33 | 79.00 | 2 | 4 | 0.00 | 0.00 |
| History - World | 0 | 3 | 0 | 1 | 30 | 93 | 104.33 | 1 | 3 | 0.00 | 0.00 |
| Religion | 0 | 3 | 0 | 0 | 30 | 106 | 122.67 | 1 | 3 | 0.00 | 0.00 |
| Literature - American | 1 | 2 | 1 | 0 | 30 | 50 | 90.67 | 1 | 3 | 0.00 | 0.00 |
| Philosophy | 1 | 2 | 1 | 0 | 30 | 64 | 79.67 | 2 | 3 | 0.00 | 0.00 |
| Literature - World | 0 | 3 | 1 | 0 | 25 | 114 | 122.67 | 0 | 3 | 0.00 | 0.00 |
| Science - Biology | 0 | 3 | 1 | 0 | 25 | 57 | 99.00 | 2 | 3 | 0.00 | 0.00 |
| Social Science | 0 | 2 | 0 | 0 | 20 | 92 | 109.50 | 0 | 2 | 0.00 | 0.00 |
| History - American | 1 | 1 | 1 | 0 | 20 | 54 | 73.50 | 1 | 2 | 0.00 | 0.00 |
| Literature - British | 0 | 2 | 0 | 0 | 20 | 93 | 108.50 | 0 | 2 | 0.00 | 0.00 |
| Literature - European | 0 | 2 | 0 | 0 | 20 | 85 | 105.50 | 1 | 2 | 0.00 | 0.00 |
| Fine Arts - Auditory | 0 | 2 | 0 | 0 | 20 | 125 | 126.00 | 1 | 2 | 0.00 | 0.00 |
| Science - Physics | 0 | 2 | 1 | 0 | 15 | 93 | 120.50 | 0 | 2 | 0.00 | 0.00 |
| Fine Arts - Other | 0 | 1 | 0 | 0 | 10 | 144 | 144.00 | 0 | 1 | 0.00 | 0.00 |
| Science - Chemistry | 1 | 0 | 1 | 0 | 10 | 44 | 44.00 | 1 | 1 | 0.00 | 0.00 |
| Science - Other | 1 | 0 | 1 | 0 | 10 | 52 | 52.00 | 1 | 1 | 0.00 | 0.00 |
| Mythology | 0 | 1 | 0 | 0 | 10 | 122 | 122.00 | 0 | 1 | 0.00 | 0.00 |
| History - European | 0 | 1 | 1 | 0 | 5 | 104 | 104.00 | 1 | 1 | 0.00 | 0.00 |
| Fine Arts - Visual | 0 | 1 | 1 | 0 | 5 | 126 | 126.00 | 0 | 1 | 0.00 | 0.00 |